| Поле | Инд. | ПП | Название | Значение |
|---|---|---|---|---|
| Тип записи | a | |||
| Библиографический уровень | b | |||
| 001 | Контрольный номер | RU/IS/BASE/385822131 | ||
| 005 | Дата корректировки | 20200522191518.2 | ||
| 008 | Кодируемые данные | 20120323 | ||
| 084 | a | Индекс другой классификации/Индекс ББК | 65.050 | |
| 100 | 1_ | a | Автор | Криулина Е. |
| 245 | a | Заглавие | Проконкурентный аспект инновационной политики в условиях экономики знаний | |
| 504 | a | Библиография | Библиогр. | |
| 520 | a | Аннотация | В условиях намеченного перехода российской экономики на инновационный путь развития формируется новая задача - институциональное оформление инновационной политики. В заисимости от выбранного пути направленность проконкурентной политики будет различна. Переход к проконкурентной политике предролагает изменение характера российского капитализма. Проконкурентная инновационная политика возможна только в условиях экономики знаний, базирующейся на институте частной собственности, человеческом капитале и конкурентном рынке. | |
| 650 | a | Основная рубрика | управление экономикой | |
| a | Основная рубрика | экономика | ||
| 653 | a | Ключевые слова | антимонопольная политика | |
| a | Ключевые слова | инновационная политика | ||
| a | Ключевые слова | инновационное развитие | ||
| a | Ключевые слова | конкурентоспособность экономики | ||
| a | Ключевые слова | проконкурентная политика | ||
| a | Ключевые слова | социально-экономическая политика | ||
| a | Ключевые слова | управление знаниями (менеджмент знаний) | ||
| a | Ключевые слова | человеческий капитал | ||
| a | Ключевые слова | экономика знаний | ||
| a | Ключевые слова | экономические модели | ||
| a | Ключевые слова | экономический рост | ||
| 773 | t | Заглавие источника | РИСК: ресурсы, информация, снабжение, конкуренция | |
| d | Дата издания источника | 2011 | ||
| g | Прочая информация | № 4. - С. 141 - 142 | ||
| w | Контрольный № источника | RU/IS/BASE/384345860 | ||
| 901 | t | Тип документа | b |